[Event "2. BUNDESLIGA MITTE"]
[Site "Steyregg, Fuerstenfeld/Sauwald/Villach, St. Veit/Glan, Graz"]
[Date "2016.02.27"]
[Round "7"]
[Board "2"]
[White "Frosch, Erich"]
[Black "Perhinig, Robert"]
[Result "1-0"]
[WhiteElo "2251"]
[BlackElo "2262"]
[PlyCount "89"]
[EventDate "2015.10.02"]
[EventType "team"]
[EventRounds "11"]
[EventCountry "AUT"]
[WhiteTeam "RbEJ Gleisdorf"]
[BlackTeam "ESV Admira Villach"]

1. d4 d5 2. Nf3 Nf6 3. e3 c6 4. c4 e6 5. Nc3 Nbd7 6. a3 Bd6 7. b4 O-O 8. Bb2
Qe7 9. cxd5 exd5 10. Be2 b5 11. Qc2 Nb6 12. Nd2 Nc4 13. Nxc4 bxc4 14. h3 Re8
15. g4 h6 16. Bf3 Nh7 17. b5 Qh4 18. O-O-O Qe7 19. bxc6 Bxa3 20. Nxd5 Qd6 21.
Bxa3 Qxa3+ 22. Qb2 Qa5 23. Qb4 Qa1+ 24. Kc2 Qa2+ 25. Qb2 Qa4+ 26. Kc3 Kh8 27.
Nb4 Ng5 28. Bg2 a5 29. Nc2 Be6 30. Ra1 Qb3+ 31. Qxb3 cxb3 32. Na3 a4 33. d5 Bc8
34. Nc4 f5 35. Nb6 Ra5 36. Rxa4 Rxa4 37. Nxa4 fxg4 38. hxg4 Bxg4 39. Kxb3 Rf8
40. f4 Nf7 41. Kc4 Nd6+ 42. Kc5 Nf5 43. Re1 h5 44. c7 h4 45. Nb6 1-0

[Event "2. BUNDESLIGA MITTE"]
[Site "Steyregg, Fuerstenfeld/Sauwald/Villach, St. Veit/Glan, Graz"]
[Date "2016.02.27"]
[Round "7"]
[Board "3"]
[White "Riemelmoser, Franz"]
[Black "Manhardt, Thomas"]
[Result "1/2-1/2"]
[WhiteElo "2331"]
[BlackElo "2237"]
[PlyCount "91"]
[EventDate "2015.10.02"]
[EventType "team"]
[EventRounds "11"]
[EventCountry "AUT"]
[WhiteTeam "ESV Admira Villach"]
[BlackTeam "RbEJ Gleisdorf"]

1. c4 c5 2. g3 Nc6 3. Bg2 g6 4. Nc3 Bg7 5. Nf3 d6 6. O-O Qd7 7. a3 b6 8. b4 Bb7
9. b5 Na5 10. Qa4 Bxc3 11. dxc3 f5 12. Rd1 Nf6 13. Ne5 Qc7 14. Nc6 Bxc6 15.
bxc6 Ne4 16. Qc2 Qxc6 17. f3 Nf6 18. Bg5 O-O 19. Bxf6 Rxf6 20. f4 Qe8 21. Bxa8
Qxa8 22. Qd3 Qe4 23. Qxe4 fxe4 24. e3 Nxc4 25. Kf2 e6 26. a4 d5 27. Ke2 Rf7 28.
g4 g5 29. f5 exf5 30. Rxd5 fxg4 31. Rxg5+ Rg7 32. Rxg7+ Kxg7 33. Rg1 h5 34. h3
Ne5 35. hxg4 hxg4 36. a5 bxa5 37. Ra1 Kf6 38. Rxa5 g3 39. Kf1 Nc4 40. Rxc5
Nxe3+ 41. Kg1 Nd1 42. Kg2 e3 43. Kf3 g2 44. Rc6+ Kf5 45. Rc5+ Kf6 46. Rc6+
 1/2-1/2

[Event "2. BUNDESLIGA MITTE"]
[Site "Steyregg, Fuerstenfeld/Sauwald/Villach, St. Veit/Glan, Graz"]
[Date "2016.02.27"]
[Round "7"]
[Board "4"]
[White "Watzka, Horst"]
[Black "Frank, Dieter"]
[Result "1/2-1/2"]
[WhiteElo "2236"]
[BlackElo "2170"]
[PlyCount "75"]
[EventDate "2015.10.02"]
[EventType "team"]
[EventRounds "11"]
[EventCountry "AUT"]
[WhiteTeam "RbEJ Gleisdorf"]
[BlackTeam "ESV Admira Villach"]

1. e4 e5 2. Nf3 Nc6 3. Bb5 a6 4. Ba4 Nf6 5. d3 d6 6. c3 Be7 7. Nbd2 O-O 8. O-O
b5 9. Bc2 Re8 10. Re1 Bf8 11. Nf1 h6 12. Ng3 Ne7 13. Nh4 c5 14. h3 Qc7 15. Qf3
Nh7 16. Nhf5 Be6 17. Bd2 Rec8 18. a3 Qd7 19. Rac1 Ra7 20. b4 cxb4 21. axb4 a5
22. bxa5 Rxa5 23. Ra1 Rca8 24. Rxa5 Rxa5 25. Ne3 Ra2 26. Qd1 Nf6 27. Qb1 Ra8
28. d4 Qb7 29. d5 Bd7 30. Bd3 Ne8 31. Nc2 Nc7 32. Qb2 Rb8 33. Nb4 Nc8 34. Nf1
Nb6 35. Ra1 Na4 36. Qb1 Nc5 37. Bc2 Be7 38. Be3 1/2-1/2

[Event "2. BUNDESLIGA MITTE"]
[Site "Steyregg, Fuerstenfeld/Sauwald/Villach, St. Veit/Glan, Graz"]
[Date "2016.02.27"]
[Round "7"]
[Board "5"]
[White "Hafner, Robert"]
[Black "Wanderer, Thomas"]
[Result "0-1"]
[WhiteElo "2004"]
[BlackElo "2197"]
[PlyCount "94"]
[EventDate "2015.10.02"]
[EventType "team"]
[EventRounds "11"]
[EventCountry "AUT"]
[WhiteTeam "ESV Admira Villach"]
[BlackTeam "RbEJ Gleisdorf"]

1. d4 Nf6 2. c4 d6 3. Nf3 Nbd7 4. Nc3 e5 5. e3 Be7 6. Be2 O-O 7. O-O c6 8. Qc2
Qc7 9. b3 Re8 10. Ba3 Nf8 11. h3 Ng6 12. dxe5 dxe5 13. Bxe7 Qxe7 14. Rfd1 Be6
15. Ng5 Rad8 16. Nxe6 Qxe6 17. Rd2 Rxd2 18. Qxd2 Qf5 19. Rd1 Nf8 20. a3 Ne6 21.
b4 g6 22. c5 e4 23. Bc4 Kg7 24. Qd6 a5 25. Bxe6 Rxe6 26. Qc7 axb4 27. axb4 Qe5
28. Qxe5 Rxe5 29. Rd4 h5 30. g3 g5 31. Kf1 Re8 32. Ke2 Kg6 33. g4 hxg4 34. hxg4
Kg7 35. f3 exf3+ 36. Kxf3 Re7 37. Ne4 Nxe4 38. Rxe4 Rxe4 39. Kxe4 Kf6 40. Kd4
Ke6 41. Ke4 f6 42. Kd4 f5 43. gxf5+ Kxf5 44. b5 g4 45. bxc6 bxc6 46. e4+ Kf4
47. e5 g3 0-1

[Event "2. BUNDESLIGA MITTE"]
[Site "Steyregg, Fuerstenfeld/Sauwald/Villach, St. Veit/Glan, Graz"]
[Date "2016.02.27"]
[Round "7"]
[Board "6"]
[White "Ofner, Maximilian"]
[Black "Kainz, Josef"]
[Result "1-0"]
[WhiteElo "2189"]
[BlackElo "1905"]
[PlyCount "55"]
[EventDate "2015.10.02"]
[EventType "team"]
[EventRounds "11"]
[EventCountry "AUT"]
[WhiteTeam "RbEJ Gleisdorf"]
[BlackTeam "ESV Admira Villach"]

1. e4 c5 2. Nf3 Nc6 3. Bb5 g6 4. Bxc6 bxc6 5. O-O Nf6 6. e5 Nd5 7. d4 cxd4 8.
Qxd4 Bg7 9. Qh4 Rb8 10. c4 Nb4 11. a3 Nd3 12. Bh6 Bxh6 13. Qxh6 Nxb2 14. Qg7
Rf8 15. Ng5 e6 16. Nxh7 Qe7 17. Qxf8+ Qxf8 18. Nxf8 Kxf8 19. Nd2 Nd3 20. Rab1
Rxb1 21. Rxb1 Ke7 22. Rb8 Ba6 23. Ra8 Nxe5 24. Rxa7 Bxc4 25. f4 Nd3 26. Nxc4
Nxf4 27. Ne5 Kd6 28. Nxf7+ 1-0

[Event "2. BUNDESLIGA MITTE"]
[Site "Steyregg, Fuerstenfeld/Sauwald/Villach, St. Veit/Glan, Graz"]
[Date "2016.02.27"]
[Round "7"]
[Board "1"]
[White "Kociscak, Jiri"]
[Black "Huber, Martin Christian"]
[Result "0-1"]
[WhiteElo "2454"]
[BlackElo "2390"]
[PlyCount "104"]
[EventDate "2015.10.02"]
[EventType "team"]
[EventRounds "11"]
[EventCountry "AUT"]
[WhiteTeam "SV Steyregg"]
[BlackTeam "Schachfreunde Graz"]

1. d4 Nf6 2. c4 g6 3. Nf3 Bg7 4. g3 O-O 5. Bg2 d6 6. O-O Nc6 7. Nc3 a6 8. h3
Rb8 9. Nd5 b5 10. Nxf6+ Bxf6 11. cxb5 axb5 12. d5 Na5 13. Nd4 Bd7 14. Bh6 Re8
15. Rc1 e5 16. Nc2 e4 17. b3 Bb2 18. Rb1 Be5 19. Nb4 c5 20. dxc6 Nxc6 21. Nd5
Nd4 22. Qd2 Be6 23. Bxe4 Bxh3 24. Bg2 Qd7 25. e3 Bxg2 26. Kxg2 Qb7 27. e4 f5
28. f3 Bh8 29. Qd3 Rbc8 30. Rf2 Rc5 31. Rbf1 fxe4 32. fxe4 Nf5 33. Rxf5 gxf5
34. Rxf5 Be5 35. Qf3 Rc2+ 36. Kh1 Rcc8 37. Qh5 Bd4 38. Qg4+ Kh8 39. Qf4 Be5 40.
Qf3 Qd7 41. Bg5 Qe6 42. Qg4 Rg8 43. Qh4 Rg7 44. Ne7 Re8 45. Rxe5 dxe5 46. Nf5
Rg6 47. a4 Reg8 48. Be7 bxa4 49. bxa4 Ra8 50. Bd6 Rf6 51. Be7 Rf7 52. Bd6 Rxf5
 0-1

[Event "2. BUNDESLIGA MITTE"]
[Site "Steyregg, Fuerstenfeld/Sauwald/Villach, St. Veit/Glan, Graz"]
[Date "2016.02.27"]
[Round "7"]
[Board "2"]
[White "Schnider, Gert"]
[Black "Velicka, Petr"]
[Result "1/2-1/2"]
[WhiteElo "2333"]
[BlackElo "2432"]
[PlyCount "111"]
[EventDate "2015.10.02"]
[EventType "team"]
[EventRounds "11"]
[EventCountry "AUT"]
[WhiteTeam "Schachfreunde Graz"]
[BlackTeam "SV Steyregg"]

1. d4 Nf6 2. c4 c5 3. d5 e6 4. Nc3 exd5 5. cxd5 d6 6. Nf3 g6 7. g3 Bg7 8. Bg2
O-O 9. O-O Nbd7 10. Bf4 Qe7 11. h3 Nh5 12. Bg5 Bf6 13. Qd2 Bxg5 14. Nxg5 Nb6
15. b3 Ng7 16. e4 f6 17. Nf3 Bd7 18. Rfe1 a5 19. a4 Qd8 20. Rad1 c4 21. Qb2 Rf7
22. Bf1 Rc8 23. Rc1 Qe8 24. b4 axb4 25. Qxb4 Nxa4 26. Nxa4 Bxa4 27. Qxd6 b5 28.
Qb4 Qf8 29. d6 Ne8 30. e5 fxe5 31. Nxe5 Qxd6 32. Qa5 Rfc7 33. Nxc4 Qf6 34.
Rxe8+ Rxe8 35. Qxc7 Rf8 36. Qc5 bxc4 37. Rxc4 Bb3 38. Rb4 Ba2 39. Rf4 Qg7 40.
Bc4+ Bxc4 41. Rxc4 Qd7 42. h4 Qd1+ 43. Kh2 Qd2 44. Rc2 Qd3 45. Rb2 Qf5 46. Qe3
Qf3 47. Qe6+ Qf7 48. Qe5 Qf6 49. f4 Qxe5 50. fxe5 Rf5 51. Re2 Kf7 52. g4 Rf3
53. e6+ Ke7 54. g5 Ra3 55. Rb2 Kxe6 56. Rb7 1/2-1/2

[Event "2. BUNDESLIGA MITTE"]
[Site "Steyregg, Fuerstenfeld/Sauwald/Villach, St. Veit/Glan, Graz"]
[Date "2016.02.27"]
[Round "7"]
[Board "3"]
[White "Enoeckl, Philipp"]
[Black "Jusic, Zdenko"]
[Result "1/2-1/2"]
[WhiteElo "2362"]
[BlackElo "2258"]
[PlyCount "81"]
[EventDate "2015.10.02"]
[EventType "team"]
[EventRounds "11"]
[EventCountry "AUT"]
[WhiteTeam "SV Steyregg"]
[BlackTeam "Schachfreunde Graz"]

1. d4 d5 2. c4 dxc4 3. e3 Nf6 4. Bxc4 e6 5. Nf3 a6 6. O-O c5 7. dxc5 Qxd1 8.
Rxd1 Bxc5 9. Nbd2 Nc6 10. Nb3 Be7 11. Bd2 b6 12. a4 Ne4 13. Be1 Nc5 14. Nxc5
Bxc5 15. Bd3 Bb7 16. a5 Rd8 17. axb6 Bxb6 18. Bc3 O-O 19. Be2 Rxd1+ 20. Bxd1 a5
21. Be2 Nb4 22. Ne5 Bc7 23. Nc4 Ra8 24. Bf3 Bxf3 25. gxf3 Nc6 26. b4 a4 27. b5
Ne7 28. b6 Bb8 29. Be5 Nc6 30. Bxb8 Rxb8 31. Rxa4 f6 32. Kf1 Ne7 33. e4 Nc6 34.
Ke2 Kf8 35. Kd3 g5 36. Kc3 Kg7 37. Ra6 Nd8 38. Ra7+ Kg6 39. Kb4 Rxb6+ 40. Nxb6
Nc6+ 41. Kc5 1/2-1/2

[Event "2. BUNDESLIGA MITTE"]
[Site "Steyregg, Fuerstenfeld/Sauwald/Villach, St. Veit/Glan, Graz"]
[Date "2016.02.27"]
[Round "7"]
[Board "4"]
[White "Domarkaite, Laima"]
[Black "Kirschner, Alexander"]
[Result "1-0"]
[WhiteElo "2142"]
[BlackElo "2186"]
[PlyCount "65"]
[EventDate "2015.10.02"]
[EventType "team"]
[EventRounds "11"]
[EventCountry "AUT"]
[WhiteTeam "Schachfreunde Graz"]
[BlackTeam "SV Steyregg"]

1. e4 e6 2. d4 d5 3. Nd2 Nf6 4. e5 Nfd7 5. Bd3 c5 6. c3 Nc6 7. Ne2 cxd4 8. cxd4
f6 9. exf6 Nxf6 10. O-O Bd6 11. Nf3 Qc7 12. Bd2 O-O 13. Rc1 Ng4 14. Ng3 g6 15.
Bc3 Qg7 16. Bb1 Bd7 17. Re1 Rae8 18. Nf1 Nh6 19. Ne5 Nxe5 20. dxe5 Bb8 21. Bd4
Nf5 22. Bxf5 gxf5 23. f4 Qh6 24. Qf3 Rf7 25. Ng3 Bc6 26. Nh5 Rd8 27. a3 a6 28.
Rc3 Kh8 29. Nf6 Bc7 30. Qf2 Rc8 31. Rh3 Qf8 32. Bc5 Qd8 33. Qh4 1-0

[Event "2. BUNDESLIGA MITTE"]
[Site "Steyregg, Fuerstenfeld/Sauwald/Villach, St. Veit/Glan, Graz"]
[Date "2016.02.27"]
[Round "7"]
[Board "5"]
[White "Wiesinger, Robert"]
[Black "Teuschler, Barbara"]
[Result "0-1"]
[WhiteElo "2176"]
[BlackElo "2174"]
[PlyCount "86"]
[EventDate "2015.10.02"]
[EventType "team"]
[EventRounds "11"]
[EventCountry "AUT"]
[WhiteTeam "SV Steyregg"]
[BlackTeam "Schachfreunde Graz"]

1. e4 e5 2. Nf3 Nc6 3. Bc4 Bc5 4. d3 Nf6 5. h3 h6 6. Bb3 d6 7. c3 Bb6 8. Nbd2
Ne7 9. Nc4 Ng6 10. O-O O-O 11. a4 c6 12. Nxb6 axb6 13. Be3 c5 14. Re1 Bd7 15.
Nh2 Bc6 16. Ng4 Kh7 17. Qf3 Nxg4 18. hxg4 f6 19. Qd1 Qe8 20. f3 Bd7 21. d4 Be6
22. d5 Bd7 23. c4 Nh8 24. Kf2 Nf7 25. Rh1 Rh8 26. Bc2 Kg8 27. b3 Ng5 28. Qd2
Qg6 29. Rab1 h5 30. Bxg5 fxg5 31. gxh5 Rxh5 32. Rxh5 Qxh5 33. Qe1 g4 34. Ke2
Rf8 35. Qg3 gxf3+ 36. gxf3 Rxf3 37. Qxf3 Bg4 38. Rf1 g5 39. Bd1 Bxf3+ 40. Rxf3
g4 41. Rf5 Qh2+ 42. Kd3 g3 43. Rg5+ Kf8 0-1

[Event "2. BUNDESLIGA MITTE"]
[Site "Steyregg, Fuerstenfeld/Sauwald/Villach, St. Veit/Glan, Graz"]
[Date "2016.02.27"]
[Round "7"]
[Board "6"]
[White "Krockenberger, Martin"]
[Black "Pierecker, Markus"]
[Result "1-0"]
[WhiteElo "2228"]
[BlackElo "2179"]
[PlyCount "41"]
[EventDate "2015.10.02"]
[EventType "team"]
[EventRounds "11"]
[EventCountry "AUT"]
[WhiteTeam "Schachfreunde Graz"]
[BlackTeam "SV Steyregg"]

1. d4 Nf6 2. c4 e6 3. Nc3 d5 4. Bg5 Nbd7 5. e3 c6 6. Nf3 Qa5 7. cxd5 exd5 8.
Bd3 Be7 9. O-O O-O 10. Ne5 Re8 11. f4 Nf8 12. f5 h6 13. Bf4 N8h7 14. h4 Nd7 15.
Qh5 Rf8 16. Nxd7 Bxd7 17. Bxh6 gxh6 18. f6 Nxf6 19. Rxf6 Bxf6 20. Qxh6 Bg7 21.
Qh7# 1-0

[Event "2. BUNDESLIGA MITTE"]
[Site "Steyregg, Fuerstenfeld/Sauwald/Villach, St. Veit/Glan, Graz"]
[Date "2016.02.28"]
[Round "8"]
[Board "1"]
[White "Frank, Paul"]
[Black "Wisnet, Dominic"]
[Result "0-1"]
[WhiteElo "2167"]
[BlackElo "2302"]
[PlyCount "100"]
[EventDate "2015.10.02"]
[EventType "team"]
[EventRounds "11"]
[EventCountry "AUT"]
[WhiteTeam "ESV Admira Villach"]
[BlackTeam "SPG Sauwald 2"]

1. Nf3 Nf6 2. g3 g6 3. Bg2 Bg7 4. O-O O-O 5. d4 c5 6. c4 cxd4 7. Nxd4 d6 8. Nc3
Nc6 9. Nxc6 bxc6 10. Bxc6 Rb8 11. Qa4 a5 12. Nb5 Qb6 13. Bg2 Bd7 14. Bd2 Bxb5
15. cxb5 Qxb5 16. Qxb5 Rxb5 17. b3 d5 18. Bc3 e6 19. Rac1 Ra8 20. Bd4 a4 21.
bxa4 Rb4 22. Rfd1 Rbxa4 23. Rd2 Ne8 24. Bxg7 Kxg7 25. Rcc2 Nd6 26. h4 R8a7 27.
e3 Kf6 28. Rc6 Ke7 29. Rcc2 f5 30. Bf1 Ne4 31. Re2 Ra3 32. Rb2 e5 33. Rec2 Nc3
34. h5 Rxa2 35. Rxa2 Nxa2 36. Rc6 Kf7 37. hxg6+ hxg6 38. Bh3 Nb4 39. Rb6 Ra1+
40. Bf1 Nc2 41. Rd6 d4 42. exd4 exd4 43. Kg2 g5 44. Be2 Ke7 45. Rd5 Ke6 46. Rd8
g4 47. f3 Ke7 48. Rg8 d3 49. Bxd3 Ne1+ 50. Kh2 Nxf3+ 0-1

[Event "2. BUNDESLIGA MITTE"]
[Site "Steyregg, Fuerstenfeld/Sauwald/Villach, St. Veit/Glan, Graz"]
[Date "2016.02.28"]
[Round "8"]
[Board "2"]
[White "Knechtel, Roland"]
[Black "Perhinig, Robert"]
[Result "1-0"]
[WhiteElo "2287"]
[BlackElo "2262"]
[PlyCount "133"]
[EventDate "2015.10.02"]
[EventType "team"]
[EventRounds "11"]
[EventCountry "AUT"]
[WhiteTeam "SPG Sauwald 2"]
[BlackTeam "ESV Admira Villach"]

1. d4 Nf6 2. c4 e6 3. Nc3 d5 4. Bg5 Be7 5. e3 O-O 6. Qc2 Nbd7 7. cxd5 exd5 8.
Bd3 c6 9. Nf3 Re8 10. O-O Nf8 11. Rab1 g6 12. b4 a6 13. a4 Ne6 14. Bh4 Ng7 15.
b5 axb5 16. axb5 Bf5 17. bxc6 bxc6 18. Ne5 Rc8 19. Na4 Bxd3 20. Nxd3 Nd7 21.
Bg3 Ne6 22. Rb7 c5 23. Naxc5 Ndxc5 24. dxc5 Bxc5 25. Qb2 Bd6 26. Bxd6 Qxd6 27.
Qf6 Rc7 28. Rxc7 Qxc7 29. Ne5 Qe7 30. Ng4 h5 31. Qxe7 Rxe7 32. Nf6+ Kg7 33.
Nxd5 Rd7 34. Nb4 f5 35. Re1 h4 36. h3 Rd2 37. Rc1 Ng5 38. f3 Nh7 39. Rc4 g5 40.
Rc5 Nf6 41. Rxf5 Kg6 42. e4 Nh5 43. Rd5 Rb2 44. Nd3 Rb1+ 45. Kf2 Ng3 46. Rd6+
Kg7 47. Rc6 Rb3 48. Ke3 Ra3 49. Rc2 Ra4 50. Nc5 Rb4 51. Kd3 Nh5 52. Ke3 Rb1 53.
Kd4 Nf4 54. Ke5 Kg6 55. Rd2 Rg1 56. Rd6+ Kf7 57. Rd7+ Kg6 58. Rd6+ Kf7 59. Kf5
Rxg2 60. Rd7+ Ke8 61. e5 Rc2 62. Rc7 Nd3 63. Ne6 Rf2 64. Nxg5 Re2 65. e6 Nb4
66. Ne4 Nd5 67. Nf6+ 1-0

[Event "2. BUNDESLIGA MITTE"]
[Site "Steyregg, Fuerstenfeld/Sauwald/Villach, St. Veit/Glan, Graz"]
[Date "2016.02.28"]
[Round "8"]
[Board "3"]
[White "Riemelmoser, Franz"]
[Black "Lautner, Josef"]
[Result "1-0"]
[WhiteElo "2331"]
[BlackElo "2211"]
[PlyCount "63"]
[EventDate "2015.10.02"]
[EventType "team"]
[EventRounds "11"]
[EventCountry "AUT"]
[WhiteTeam "ESV Admira Villach"]
[BlackTeam "SPG Sauwald 2"]

1. c4 e6 2. g3 d5 3. Bg2 Nf6 4. Nf3 Be7 5. O-O O-O 6. b3 Nbd7 7. Bb2 c6 8. d3
b6 9. Nbd2 Bb7 10. Qc2 Rc8 11. Rad1 Bd6 12. e4 e5 13. d4 dxe4 14. dxe5 exf3 15.
Nxf3 Bxe5 16. Bxe5 Nxe5 17. Rxd8 Nxf3+ 18. Bxf3 Rfxd8 19. Re1 Rc7 20. c5 b5 21.
g4 Nd5 22. g5 Bc8 23. h4 Be6 24. h5 Nf4 25. Qe4 Nh3+ 26. Kg2 Nxg5 27. Qf4 Nxf3
28. Rxe6 Rcd7 29. Rd6 Ne1+ 30. Kf1 Rxd6 31. cxd6 Nd3 32. Qd4 1-0

[Event "2. BUNDESLIGA MITTE"]
[Site "Steyregg, Fuerstenfeld/Sauwald/Villach, St. Veit/Glan, Graz"]
[Date "2016.02.28"]
[Round "8"]
[Board "4"]
[White "Maier, Christoph"]
[Black "Frank, Dieter"]
[Result "0-1"]
[WhiteElo "2125"]
[BlackElo "2170"]
[PlyCount "112"]
[EventDate "2015.10.02"]
[EventType "team"]
[EventRounds "11"]
[EventCountry "AUT"]
[WhiteTeam "SPG Sauwald 2"]
[BlackTeam "ESV Admira Villach"]

1. e4 e5 2. Nf3 Nc6 3. Bc4 Bc5 4. b4 Bb6 5. a4 a6 6. Nc3 d6 7. O-O Nf6 8. Nd5
Nxd5 9. exd5 Ne7 10. d4 exd4 11. a5 Ba7 12. Nxd4 O-O 13. Bb2 Ng6 14. Ra3 Qh4
15. Rg3 Re8 16. Qa1 f6 17. Bd3 Ne5 18. Nf5 Bxf5 19. Bxf5 Qxb4 20. Rh3 h6 21.
Be6+ Kf8 22. Rb3 Qc5 23. Rc3 Qb5 24. Rxc7 Re7 25. Bxe5 dxe5 26. Qa3 Rae8 27.
Bd7 Bc5 28. d6 Rxd7 29. Rxc5 Qe2 30. Rb1 Qd2 31. Rc7 Qxd6 32. Qxd6+ Rxd6 33.
Kf1 Re7 34. Rc8+ Kf7 35. c4 Rdd7 36. Ke2 Rc7 37. Rxc7 Rxc7 38. Kd3 Ke7 39. Kc3
Kd6 40. Rd1+ Ke7 41. Rb1 Kd7 42. Rb6 Kc8 43. Re6 Kd7 44. Rb6 Ke7 45. Rb1 Ke6
46. g4 Kf7 47. Rb6 Kg6 48. Kb4 Kg5 49. c5 Kxg4 50. c6 bxc6 51. Kc5 Kf3 52. Rxa6
Kxf2 53. Rb6 e4 54. a6 e3 55. Rb7 Rc8 56. a7 Ra8 0-1

[Event "2. BUNDESLIGA MITTE"]
[Site "Steyregg, Fuerstenfeld/Sauwald/Villach, St. Veit/Glan, Graz"]
[Date "2016.02.28"]
[Round "8"]
[Board "5"]
[White "Hafner, Robert"]
[Black "Schmid, Franz"]
[Result "0-1"]
[WhiteElo "2004"]
[BlackElo "2188"]
[PlyCount "74"]
[EventDate "2015.10.02"]
[EventType "team"]
[EventRounds "11"]
[EventCountry "AUT"]
[WhiteTeam "ESV Admira Villach"]
[BlackTeam "SPG Sauwald 2"]

1. d4 Nf6 2. c4 g6 3. Nc3 d5 4. e3 Bg7 5. Nf3 O-O 6. cxd5 Nxd5 7. Bd2 Nb6 8.
Be2 Nc6 9. O-O e5 10. dxe5 Qe7 11. Qc2 Nxe5 12. b3 Nc6 13. a3 Be6 14. Rfb1 Rfd8
15. Rb2 Bf5 16. Qc1 Ne5 17. Nxe5 Qxe5 18. Be1 Rd6 19. Raa2 Rc6 20. Rc2 Bxc2 21.
Rxc2 Nd5 22. Bc4 Nxc3 23. Bxc3 Qf5 24. a4 Bxc3 25. Rxc3 Rd8 26. h3 Rcd6 27. Be2
c6 28. Bf3 Rd2 29. b4 a6 30. Rc4 Ra2 31. Qc3 Qb1+ 32. Kh2 Rxf2 33. Rf4 Qb2 34.
Qc4 Rf8 35. a5 Qe5 36. Kg1 Rc2 37. Qb3 Rc3 0-1

[Event "2. BUNDESLIGA MITTE"]
[Site "Steyregg, Fuerstenfeld/Sauwald/Villach, St. Veit/Glan, Graz"]
[Date "2016.02.28"]
[Round "8"]
[Board "6"]
[White "Zauner, Christoph"]
[Black "Kainz, Josef"]
[Result "1-0"]
[WhiteElo "2041"]
[BlackElo "1905"]
[PlyCount "72"]
[EventDate "2015.10.02"]
[EventType "team"]
[EventRounds "11"]
[EventCountry "AUT"]
[WhiteTeam "SPG Sauwald 2"]
[BlackTeam "ESV Admira Villach"]

1. Nf3 Nf6 2. d4 g6 3. c4 Bg7 4. Nc3 d5 5. h4 dxc4 6. e4 Bg4 7. Bxc4 Bxf3 8.
gxf3 O-O 9. Bg5 c6 10. Bxf6 Bxf6 11. e5 Bg7 12. f4 Qb6 13. Qd3 a5 14. h5 e6 15.
hxg6 hxg6 16. O-O-O Rd8 17. Ne4 Nd7 18. Qh3 Qb4 19. Bxe6 Qe7 20. Bb3 a4 21. Bc2
b5 22. Rh2 Qb4 23. e6 Nf6 24. exf7+ Kxf7 25. Ng5+ Kf8 26. Ne6+ Kf7 27. Nxg7
Kxg7 28. Qh6+ Kf7 29. Qxg6+ Ke7 30. Qg7+ Ke6 31. f5+ Kd6 32. Qxf6+ Kc7 33. Rh7+
Kb6 34. Qe7 Qc4 35. Qb7+ Ka5 36. Rc7 Rdb8 1-0

[Event "2. BUNDESLIGA MITTE"]
[Site "Steyregg, Fuerstenfeld/Sauwald/Villach, St. Veit/Glan, Graz"]
[Date "2016.02.28"]
[Round "8"]
[Board "1"]
[White "Kociscak, Jiri"]
[Black "Flumbort, Andras Dr."]
[Result "0-1"]
[WhiteElo "2454"]
[BlackElo "2471"]
[PlyCount "148"]
[EventDate "2015.10.02"]
[EventType "team"]
[EventRounds "11"]
[EventCountry "AUT"]
[WhiteTeam "SV Steyregg"]
[BlackTeam "ASK Case IH SteyrSt. Valentin"]

1. d4 Nf6 2. c4 g6 3. Nc3 d5 4. Bf4 Bg7 5. e3 c5 6. dxc5 Qa5 7. Rc1 dxc4 8.
Bxc4 O-O 9. Qa4 Qxc5 10. Qb5 Na6 11. Nf3 Bd7 12. Qxc5 Nxc5 13. Ke2 Rac8 14. Be5
a6 15. a3 b5 16. Ba2 a5 17. Nd4 b4 18. axb4 axb4 19. Bxf6 Bxf6 20. Nd5 Na4 21.
Bb3 Nxb2 22. Nb6 Bg4+ 23. f3 Rc3 24. Nd5 Bxd4 25. Nxc3 Bxf3+ 26. gxf3 Bxc3 27.
Rc2 Rc8 28. Rhc1 Nc4 29. Ra2 Rc5 30. Ra8+ Kg7 31. Ra2 Na5 32. Rb1 Rh5 33. Kd3
Nc6 34. f4 Na5 35. Bd1 Rd5+ 36. Ke4 e6 37. Bb3 Rh5 38. Bd1 Rd5 39. Bb3 Rc5 40.
Kd3 Rh5 41. Bd1 Rd5+ 42. Ke2 Nc4 43. Ba4 e5 44. Rd1 Rc5 45. Bb3 Na5 46. Bd5
exf4 47. exf4 Nc6 48. Ke3 Ne7 49. Bb3 Nf5+ 50. Ke4 Rc7 51. Rd3 Re7+ 52. Kd5
Rd7+ 53. Ke4 Re7+ 54. Kd5 Rd7+ 55. Ke4 Nd4 56. Bc4 Re7+ 57. Kd5 Rc7 58. Rf2 Ne6
59. Ba2 Rd7+ 60. Kc4 Rc7+ 61. Kd5 Ra7 62. Rdf3 Nd4 63. Rxc3 Rd7+ 64. Kc4 bxc3
65. Kxc3 Nf5 66. Bc4 Ne3 67. Bb5 Rb7 68. Kd2 Nd5 69. Be2 f5 70. Bc4 Rb2+ 71.
Ke1 Rxf2 72. Kxf2 Nxf4 73. Kf3 g5 74. h4 Ng6 0-1

[Event "2. BUNDESLIGA MITTE"]
[Site "Steyregg, Fuerstenfeld/Sauwald/Villach, St. Veit/Glan, Graz"]
[Date "2016.02.28"]
[Round "8"]
[Board "2"]
[White "Hajnal, Zoltan"]
[Black "Velicka, Petr"]
[Result "1/2-1/2"]
[WhiteElo "2333"]
[BlackElo "2432"]
[PlyCount "73"]
[EventDate "2015.10.02"]
[EventType "team"]
[EventRounds "11"]
[EventCountry "AUT"]
[WhiteTeam "ASK Case IH SteyrSt. Valentin"]
[BlackTeam "SV Steyregg"]

1. e4 c6 2. d4 d5 3. Nc3 dxe4 4. Nxe4 Bf5 5. Ng3 Bg6 6. h4 h6 7. Nf3 e6 8. h5
Bh7 9. Bd3 Bxd3 10. Qxd3 Nf6 11. Ne4 Nxe4 12. Qxe4 Qd5 13. Qxd5 cxd5 14. Bf4
Nc6 15. O-O-O Rc8 16. Kb1 Be7 17. Rhe1 O-O 18. Re2 Rfd8 19. Ne5 b5 20. Rd3 Nxe5
21. Bxe5 Rc6 22. Bg3 Rdc8 23. f3 b4 24. Be1 a5 25. Bf2 a4 26. Be1 Rc4 27. Bf2
Bf6 28. Red2 Kf8 29. f4 Ke8 30. Rf3 Kd7 31. Rh3 Rb8 32. Rhd3 Rc6 33. Rh3 Rb7
34. Rdd3 Rc4 35. Rd2 Rc6 36. Rdd3 Rc4 37. Rd2 1/2-1/2

[Event "2. BUNDESLIGA MITTE"]
[Site "Steyregg, Fuerstenfeld/Sauwald/Villach, St. Veit/Glan, Graz"]
[Date "2016.02.28"]
[Round "8"]
[Board "3"]
[White "Enoeckl, Philipp"]
[Black "Sandhoefner, Florian"]
[Result "1/2-1/2"]
[WhiteElo "2362"]
[BlackElo "2229"]
[PlyCount "117"]
[EventDate "2015.10.02"]
[EventType "team"]
[EventRounds "11"]
[EventCountry "AUT"]
[WhiteTeam "SV Steyregg"]
[BlackTeam "ASK Case IH SteyrSt. Valentin"]

1. d4 d5 2. c4 c6 3. Nf3 Nf6 4. e3 Bf5 5. Nc3 e6 6. Nh4 Be4 7. f3 Bg6 8. Qb3
Qb6 9. Nxg6 hxg6 10. g3 Bd6 11. Kf2 Qc7 12. Kg2 Nbd7 13. f4 Ne4 14. cxd5 exd5
15. Nxe4 dxe4 16. Bd2 Nf6 17. Rc1 Qd7 18. h3 O-O 19. Be2 Rad8 20. Ba5 Bc7 21.
Bxc7 Qxc7 22. Rc5 Nd5 23. Rhc1 Qb6 24. Qa3 Rd7 25. Kf2 Rfd8 26. b3 a6 27. Qa5
Qa7 28. Qd2 Qb6 29. Qa5 Qa7 30. Qd2 Qb6 31. Bf1 f6 32. Qa5 Qxa5 33. Rxa5 Kf8
34. Rac5 Ke7 35. Rb1 Nc7 36. b4 Ne6 37. Rc2 Rd5 38. a4 g5 39. Bc4 gxf4 40. Bxd5
fxg3+ 41. Kxg3 Rxd5 42. h4 f5 43. Rg2 Kf6 44. Kf2 f4 45. Rbg1 fxe3+ 46. Kxe3
Nxd4 47. Kxe4 Ne6 48. Rf1+ Ke7 49. Ke3 c5 50. bxc5 Rxc5 51. Rb1 b5 52. Rg4 Rh5
53. a5 b4 54. Ra1 Rb5 55. Ra4 b3 56. Rgb4 Re5+ 57. Kd2 Nc5 58. Ra1 Kf6 59. Rg1
{Nicht lesbar} 1/2-1/2